THE EXTRUSION OF METALS (Record no. 568444)
[ view plain ]
| 000 -LEADER | |
|---|---|
| fixed length control field | 00290nam a22001217a 4500 |
| 082 ## - DEWEY DECIMAL CLASSIFICATION NUMBER | |
| Classification number | 671.2 PEA'E |
| 100 ## - MAIN ENTRY--PERSONAL NAME | |
| Personal name | PARKINS, REDVERS N,PEARSON, CLOUDE E |
| 9 (RLIN) | 58246 |
| 245 ## - TITLE STATEMENT | |
| Title | THE EXTRUSION OF METALS |
| 250 ## - EDITION STATEMENT | |
| Edition statement | 2ND |
| 260 ## - PUBLICATION, DISTRIBUTION, ETC. | |
| Place of publication, distribution, etc. | LONDON |
| Name of publisher, distributor, etc. | CHAPMAN & HALL |
| Date of publication, distribution, etc. | 1960 |
| 300 ## - PHYSICAL DESCRIPTION | |
| Extent | 336P |
| 942 ## - ADDED ENTRY ELEMENTS (KOHA) | |
| Koha item type | Book |
| Withdrawn status | Lost status | Damaged status | Not for loan | Permanent Location | Current Location | Shelving location | Date acquired | Total Checkouts | Full call number | Barcode | Date last seen | Price effective from | Koha item type |
|---|---|---|---|---|---|---|---|---|---|---|---|---|---|
| College of Electrical & Mechanical Engineering (CEME) | College of Electrical & Mechanical Engineering (CEME) | General Stacks | 07/16/2017 | 671.2 PEA'E | CEME-3160 | 06/28/2021 | 06/28/2021 | Book |
